000 01444nam a2200409 i 4500
001 30136
003 KOSZ 005
005 20200724113114.0
008 s1993 pl a f |000 0 pol
040 _cKOSZ 005
_aKOSZ 005
_dKOSZ 005/EG
041 _apol
080 _a621.792/.793
080 _a669.056
080 _a531.4
100 1 _aTarkowski, Piotr
_eAutor
245 1 0 _aZagadnienia trwałości warstw implantowanych jonowo /
_cPiotr Tarkowski.
260 _aLublin :
_bWydawnictwa Uczelniane PL,
_c1993.
300 _a101 s. :
_brys., wykr. ;
_c24 cm.
336 _2rdacontent
_aTekst
_btxt
337 _2rdamedia
_aBez urządzenia pośredniczącego
_bn
338 _2rdacerriar
_aWolumin
_bnc
380 _aKsiążki
388 _a1901-2000
388 _a1989-2000
490 1 _aPrace Naukowe Politechniki Lubelskiej. Mechanika,
_x0860-8172 ;
_v59
500 _aSer. gł. : 0860-8172 ; 237.
504 _aBibliogr. s. 91-100.
650 7 _aImplantacja jonów
650 7 _aMetale
650 7 _aObróbka wykańczająca
658 _aInżynieria i technika
710 2 _aPolitechnika Lubelska
_b Wydawnictwo
_4pbl
830 0 _aPrace Naukowe Politechniki Lubelskiej
_v237
830 0 _aPrace Naukowe Politechniki Lubelskiej
_pMechanika
_v59
856 _uhttp://koha.tu.koszalin.pl/cgi-bin/koha/opac-detail.pl?biblionumber=30136
_yKatalog online BPK
942 _cKS
_2UKD
999 _c30136
_d30136